Football Teams Jérémy Toulalan Played For - Statistics

General Stats
  • This quiz has been taken 17 times
  • The average score is 4 of 6
Answer Stats
League Years Team % Correct
France 2013-2016 AS Monaco
71%
France 2016-2018 FC Girondins de Bordeaux
71%
France 2006-2011 Olympique Lyonnais
71%
Spain 2011-2013 Málaga CF
57%
France 2002-2006 FC Nantes
43%
France 2001-2002 FC Nantes B
43%
No matching quizzes found
Score Distribution
Percent of People with Each Score
Percentile by Number Answered
Your Score History
You have not taken this quiz